{"text_format":"3","workbook":"xlsx","n_sheets":1,"sheets":["地下劳务"],"read":"whole","date_system":"1900"}

{"sheet":"地下劳务","index":0,"n_rows":22,"n_cols":8,"rows_kept":22,"merged":[[0,0,0,7],[1,0,1,7],[2,0,3,0],[2,1,3,1],[2,2,3,2],[2,3,3,3],[2,4,3,4],[2,5,2,6],[2,7,3,7],[4,1,4,2],[4,7,21,7],[19,1,19,2],[21,1,21,2]]}
["控制价清单表"]
["隆润朗景台项目-（车库）劳务分包工程劳务采购控制价清单"]
["序号","工程或费用名称","工作内容","单位","暂定工程量","控制价（含税3%）",null,"备注"]
[{"$nulls":5},"综合单价(元）","综合合价(元)"]
["一","建筑面积包干项-车库",null,"m2",37845.04,{"$f":"SUM(F6:F19)","v":437.1},{"$f":"SUM(G6:G19)","v":16542066.984},"注：\n单价中均已包括了乙方为实施和完成本合同工程所需的全部成本（除合同约定由甲方提供或承担外），包括但不限于人工、辅材、小型机械、加工制作、运输、上下车、搬运及多次转运、预留预埋、调试、试验、周转材料、机械设备、质检（自检）、材料检测、验收合格、施工临时用水用电、临时办公及工人食宿、成品及半成品保护、安全文明生产施工费用、环境保护费用、冬雨季及夜间施工增加费、临时设施费、临时用地的征用及复耕、保险、规费、税金、垃圾清运、管理费、合理利润，以及为本工程修复缺陷的全部费用，承包本工程应承担的一切责任、义务和风险费用。"]
[1,"钢筋分项工程","包括但不限于场内垫层及以上的基础结构、一次结构、零星工程：钢筋的制安、材料的一次及多次转运等。单价含除钢筋主材以外的所有内容（如人工、辅材、大小型机械或机具等）。","m2",37845.04,124.37,{"$f":"E6*F6","v":{"v":4706787.6248,"d":"4706787.62"}}]
[2,"模板分项工程","包括但不限于场内垫层及以上的基础结构、一次结构、零星工程：模板制安、分类整理、材料的一次及多次转运等，单价含除模板主材以外的所有的内容（如人工、木方，拉杆（包括止水拉杆），蝴蝶扣等辅材和大小型机械或机具）。","m2",37845.04,103.72,{"v":3925287.5488,"d":"3925287.55"}]
[3,"混凝土分项工程","包括但不限于场内垫层及以上的基础结构、一次结构、零星工程：浇筑、振捣、养护等，材料一次及多次转运等，不同标号处钢丝网（单价含材料）制安；单价含除砼主材以外完成浇筑所需的所有内容（如人工、辅材、大小型机械或机具）。","m2",37845.04,24.77,{"v":937421.6408,"d":"937421.64"}]
[4,"脚手架分项工程","包括但不限于场内所有脚手架工程：（内外架、横竖向、满堂、单双排、悬挑等）的搭拆、悬挑水平铺设、附墙点与主体预埋及连接、安全通道及临时加工棚的搭拆等材料一次及多次转运 、拆除脚手架后材料的堆放；单价含主材钢管、工字钢、扣件、撑杆、顶托、钢丝绳、油漆等所有内容（如人工、主辅材、大小型机械或机具等）","m2",37845.04,{"v":30,"d":"30.00"},{"v":1135351.2,"d":"1135351.20"}]
[5,"砖砌体分项工程","包括但不限于场内所有砌体工程：砌体砌筑、地下室外墙保护砌体或其他依附主体的保护砌体、砂浆制安、一次及多次转运、砌砖、砌块、擦缝勾缝。单价含等除钢筋、砌体、砂浆主材以外的所有内容（如人工、辅材、大小型机械或机具等）。","m2",37845.04,16.58,{"v":627470.7632,"d":"627470.76"}]
[6,"二次结构工程","包括但不限于圈梁、过梁、构造柱、反坎、翻边、散水植筋（单价含植筋胶材料）等二次结构工程：单价含除钢筋、模板、混凝土主材以外的所有内容（如人工、辅材、大小型机械或机具等）","m2",37845.04,{"v":25,"d":"25.00"},{"v":946126,"d":"946126.00"}]
[7,"抹灰工程","包括但不限于场内的内外抹灰随砌随抹及踢脚、车道出入口、消防水池天棚工程：基层清理整平、素水泥浆掺胶（单价含胶材料）、界面剂（单价含材料）涂刷、墙面找平、钢丝网（单价含材料）铺设、变形缝（单价含材料）。单价含除砂浆、防水主材以外的所有内容（如人工、辅材、大小型机械或机具等）","m2",37845.04,13.24,{"v":501068.3296,"d":"501068.33"}]
[8,"防水及保温工程","包括但不限于场内的车库内外墙及集水坑筏板：基层清理整平、防水涂料、涂膜、卷材；保温板的铺设；单价含除防水主材、保温板主材以外的所有内容（如人工、主辅材、大小型机械或机具等）","m2",37845.04,15.13,{"v":572595.4552,"d":"572595.46"}]
[9,"楼地面工程","包括但不限于楼地面或坡道工程：素土夯实、基层清理整平、碎石或砼垫层、素水泥浆掺胶（单价含胶材料）、钢筋网片铺设、找平层或找坡层；水泥砂浆层、细石砼、刚性层、地坪漆、自流平、交安工程、随捣随抹单价含除砼、钢筋、砂浆、地坪漆主材、交安主材以外的所有内容（如人工、主辅材、大小型机械或机具等）","m2",37845.04,9.07,{"v":343254.5128,"d":"343254.51"}]
[10,"屋面工程","包括但不限于上人或不上人屋面工程：基层清理整平、塑料排水板、滤水层、土工布（单价含材料）、排水槽、找平层、找坡层、隔离层、钢筋网片铺设、刚性层、分仓缝（单价含缝内油膏材料）、变形缝（单价含材料）；单价含除钢筋、砼主材、塑料排水板、排水槽主材、滤水层主材、找坡层主材以外的所有内容（如人工、主辅材、大小型机械或机具等）","m2",37845.04,18.54,{"v":701647.0416,"d":"701647.04"}]
[11,"土石方工程","包括但不限于车库及所有楼栋的土石方工程：\n1土石方大开挖后的剩余基础工程中的土石方人工或机械捡底开挖、基槽基坑开挖及回填、基础回填、房心回填、架空层回填、场地内转运、堆放，压实、修整、2所有楼栋砖墙下的基础开挖；3室内所有需要开挖及回填的零星工程","m2",37845.04,4.13,{"v":156300.0152,"d":"156300.02"}]
[12,"安全文明施工费","包括但不限于施工范围及附近所含道路范围内安全文明施工（施工范围内三宝四口五临边及安全通道转运安拆（单价含安全标识标语材料）、所有水平垂直防护网、兜网、挂网（单价含所有水平、垂直安全防护网材料）、踢脚板（或跳板）（单价含踢脚板或跳板材料）、楼层标志线（含标志线材料）、安全通道及加工棚水平垂直防护（单价含防护所有材料）、楼栋内所有临边洞口防护（含防护材料）、办公区及生活区临时建筑搭拆、环境保护所设置的大门冲洗设施设备及施工大门进出口清洁维护、施工临时围挡搭拆、场内道路硬化、场内临时绿化、场内扬尘控制措施、垃圾封闭处理、工完场清的清洁及垃圾外运及弃渣费以及其他零星工程的人工、机械（机具）、所有材料；所有施工内容涉及劳务住宿费用、垂直运输机械基础制安、司机和信号工等全部劳务费用；现场一级配电箱(或箱变房）后的所有临电布置、现场主接水点后的所有临水布置；对施工范围内所有专业分包施工所产生的配合、吊装、转运。","m2",37845.04,{"v":15,"d":"15.00"},{"v":567675.6,"d":"567675.60"}]
[13,"其它零星工程","包括但不限于室内外其他土建工程：施工范围内的砖胎膜砌筑及抹灰、所有一次二次结构钢筋保护层所设置的支撑或垫块、车库内其他砌体、地下室外墙保护或找平层、止水带（钢板）的制安（单价含材料）、配合人防单位的预留预埋及安装、施工范围内二次开孔、散水、散（排、截）水沟或暗沟盲沟）、室内井坑及盖板踏步（单价含踏步材料）、台阶、平台、坡道工程、检修爬梯（单价含成品爬梯材料）及其他零星预埋铁件；配合迎检进行场地布置及所有主体结构内的收边收口等；除本清单项包含的内容外剩余的主体结构劳务均包含在本项当中（如人工、辅材、大小型机械或机具等）","m2",37845.04,14.55,{"v":550645.332,"d":"550645.33"}]
[14,"水电预留预埋","包括但不限于所有一次结构二次结构内的给排水、强弱电、消防、暖通、智能化、光彩的预留预埋工程：施工范围内的上述工程需要再一次结构二次结构内进行预留预埋洞口及管线套管、穿墙套管、套管内引线（单价含材料）、防雷接地制作与安装。","m2",37845.04,{"v":23,"d":"23.00"},870435.92]
["二","清单综合包干项",{"$nulls":4},{"$f":"SUM(G21)","v":1835453.74779183}]
[1,"桩基工程 ","桩基工程：包括但不限于1 旋挖桩成孔或二次成孔、清底、清孔，2 钢筋笼制作、运输、吊装，3 混凝土浇筑、排水、钢护筒、声测管，4 旋挖成孔、混凝土浇筑、钢筋运输道路维护及污水排放、截（凿）桩头、截（凿）泥浆建渣外运，5 旋挖土方按甲方要求堆积到指定地点，6桩头开挖，桩头凿除、含配合桩检测费用7.桩的质量满足现行标准及规范，桩施工期间洞口防护及覆盖或其他安全文明施工措施 8塌孔造成需要回填砼进行二次及多次成孔时按照本想综合单价*0.5执行，工程量按照回填实际深度计算 9单价含除混凝土、钢筋、声测管主材以外的所有内容（如人工、辅材、大小型机械或机具等）","m",{"v":11137.4620618436,"d":"11137.46"},{"v":164.8,"d":"164.80"},{"$f":"+F21*E21","v":{"v":1835453.74779183,"d":"1835453.75"}}]
["三","合计",null,"元",null,null,{"$f":"+G20+G5","v":18377520.7317918}]